书目信息 |
| 题名: |
二十位人性见证者
|
|
| 作者: | 阮义忠 著 | |
| 分册: | ||
| 出版信息: | 北京 三联书店 2006 |
|
| 页数: | 351页 | |
| 开本: | 21cm | |
| 丛书名: | ||
| 单 册: | ||
| 中图分类: | K815.72=5 , J405.1 | |
| 科图分类: | ||
| 主题词: | 摄影--艺术家--生平事迹--世界--现代 , 摄影 , 艺术家 , 摄影艺术--艺术评论--世界--现代 , 艺术评论 , 摄影艺术 | |
| 电子资源: | ||
| ISBN: | 7-108-02440-3 | |
| 000 | 00962nam0 2200301 450 | |
| 001 | 003246742 | |
| 005 | 20070804152512.70 | |
| 010 | @a7-108-02440-3@dCNY41.00 | |
| 100 | @a20060918d2006 em y0chiy0110 ea | |
| 101 | 0 | @achi |
| 102 | @aCN@b110000 | |
| 105 | @aa z 000yd | |
| 200 | 1 | @a二十位人性见证者@9er shi wei ren xing jian zheng zhe@e当代摄影大师@f阮义忠著 |
| 210 | @a北京@c三联书店@d2006 | |
| 215 | @a351页@c照片@d21cm | |
| 330 | @a本书介绍了奥古斯特·桑德、亚历山大·罗琴柯、安塞尔·亚当斯、比尔·布兰特等二十位摄影大师生平事迹和经典作品。 | |
| 517 | 1 | @a当代摄影大师@9dang dai she ying da shi |
| 606 | 0 | @a摄影@x艺术家@x生平事迹@y世界@z现代 |
| 606 | 0 | @a摄影 |
| 606 | 0 | @a艺术家 |
| 606 | 0 | @a摄影艺术@x艺术评论@y世界@z现代 |
| 606 | 0 | @a艺术评论 |
| 606 | 0 | @a摄影艺术 |
| 690 | @aK815.72=5@v4 | |
| 690 | @aJ405.1@v4 | |
| 701 | 0 | @a阮义忠@9ruan yi zhong@f(1950~)@4著 |
| 801 | 0 | @aCN@bNLC@c20070804 |
| 905 | @a10447@dK815.72=5@e113 | |
| 二十位人性见证者:当代摄影大师/阮义忠著.-北京:三联书店,2006 |
| 351页:照片;21cm |
| ISBN 7-108-02440-3:CNY41.00 |
| 本书介绍了奥古斯特·桑德、亚历山大·罗琴柯、安塞尔·亚当斯、比尔·布兰特等二十位摄影大师生平事迹和经典作品。 |
| ● |
| 相关链接 |
|
|
|
|
正题名:二十位人性见证者
索取号:K815.72=5/113
 
预约/预借
| 序号 | 登录号 | 条形码 | 馆藏地/架位号 | 状态 | 备注 |
| 1 | 0803206 | 208032065 | 第二样本阅览室/ [索取号:K815.72=5/113] | 在馆 | |
| 2 | 0803207 | 208032074 | 第二借阅区/ [索取号:K815.72=5/113] | 在馆 | |
| 3 | 0803208 | 208032083 | 第二借阅区/ [索取号:K815.72=5/113] | 在馆 | |
| 4 | 0803209 | 208032092 | 第二借阅区/ [索取号:K815.72=5/113] | 在馆 | |
| 5 | 0803210 | 208032109 | 第二借阅区/ [索取号:K815.72=5/113] | 在馆 | |
| 6 | 0803211 | 208032118 | 第二借阅区/ [索取号:K815.72=5/113] | 在馆 | |
| 7 | 0803212 | 208032127 | 第二借阅区/ [索取号:K815.72=5/113] | 在馆 | |
| 8 | 0803213 | 208032136 | 第二借阅区/ [索取号:K815.72=5/113] | 在馆 |